000 01106nam a22003377a 4500
003 CHAP
005 20220817041547.0
008 971013s1977 r 00010 d
010 _a18039
011 _a19011
035 _a23096
040 _cCHAP
082 _a581.38
_bD45 1977
100 0 0 _aDelevoryas, Theodore.
245 _aPlant deversification
250 _a2 ed.
260 _aNew York :
_bHolt, Rinehart and Winston,
_c1977
300 _a144 p.
_b: ilus.
490 _aModern biology series
590 _aBATCH-UPD
_b10
_c20130110
_lUCH01
_h0007
590 _aBATCH-UPD
_b10
_c20130410
_lUCH01
_h1353
590 _aBATCH-UPD
_b10
_c20130914
_lUCH01
_h1139
590 _aCONVERSION
_b10
_c20130109
_lUCH01
_h1311
650 1 4 _aEvolución (Plantas)
_939010
830 0 _aModern biology series
_976424
901 _aBK
942 _cLIBRO
949 _a581.38 D45 1977
_bBC
_cLIBRO
_d33724000539474
_eLIBRO
_h51968
_i23096
_si
949 _a581.38 D45 1977
_bBC
_cLIBRO
_d33724000539516
_eLIBRO
_fc.2
_h51969
_i23096
_si
949 _a581.38 D45 1977
_bBC
_cLIBRO
_d33724000539524
_eLIBRO
_fc.3
_h51970
_i23096
_si
999 _c18039
_d18039